000 00610nam a2200181 i 4500
001 129707
003 ES-MaACL
005 20230906193545.0
007 t|
008 070703s1968 sp ||||1| spa d
100 1 _aZorita Tomillo, Eduardo.
_9118351
245 1 0 _aIdeas para una interpretación de la decadencia española
_b: discurso inaugural del año académico 1968-69 /
_cEduardo Zorita Tomillo.
260 _a[Oviedo] :
_bUniversidad,
_c1968.
300 _a96 p. ;
_c25 cm.
651 4 _aEspaña-
_xHistoria.
_98209
710 2 _aUniversidad de Oviedo.
_97260
852 _aES-MaACL
_jC-34908
_bR.67590
999 _c129707
_d129707